Online Catalogue and eLibrary

Cinema racanai (Record no. 1165)

MARC details
000 -LEADER
fixed length control field 00208nam a2200097Ia 4500
008 - FIXED-LENGTH DATA ELEMENTS--GENERAL INFORMATION
fixed length control field 240331s9999 xx 000 0 und d
082 ## - DDC Classification
Class No. 302.234
Item Number - Author Mark KUR
100 ## - MAIN ENTRY--PERSONAL NAME
Personal name Kumar,A
245 #0 - TITLE STATEMENT
Title Cinema racanai
942 ## - Koha item type (Biblio)
Koha item type Books in Stacks (Lending)
Holdings
Lost status Damaged status Collection code Home library Current library Shelving location Date acquired Full call number Accession Number Item type
    Lending WERC Library WERC Library Social Science Cupboard 03/31/2024 302.234 KUR 1633 Books in Stacks (Lending)

© WERC Library